000 01819nam a22002417a 4500
005 20180312091825.0
008 180312s1879 fr ||||fr|||| 001 0 spa d
040 _cSandra Yazo
_dSandra Yazo
041 0 _aspa
082 0 4 _220
092 _aE44N021
100 1 _aGonzález Chávez, Nicolás
_991714
245 1 0 _aEstudio cronológico de la guerra de independencia de la antigua Colombia
_bPrimera parte: Hechos militares
_cpor Nicolás Gonzalez Chávez
260 _aParís (Francia)
_bImprenta General de A. Lahure
_c1879
300 _axv, 612 páginas
_c24 x 16 cm.
500 _aDetalles físicos: Encuadernación rígida (holandesa) en cartón forrado en papel jaspeado. Lomo en cuero rojo, con nervaduras sobre costuras adornos en dorado y repujadas. Guardas. Anteportada. Hoja de papel especial con el retrato del autor, firmado. Portada impresa en una sola tinta, con diversos tipos de letra. Texto impreso en una sola columna, con diferentes tipos de letra. Notas de pie de página. Índices. Tapas con deterioro por cintas pegantes, raspaduras y papel manchado
505 0 _aRevista del año 1810 ; Revista del año 1811 ; Notas descriptivas de los años 1810 y 1811 ; Revista, Notas descriptivas y Hechos notables del año 1812 ; Revista, Notas descriptivas del año 1813 ; Revista, Notas descriptivas y Hechos notables de 1813 y 1814 ; Revista, Notas descriptivas y Hechos notables del año 1815 ; Revista, Notas descriptivas del año 1816 ; Revista, Notas descriptivas y Hechos notables del año 1817 ; Revista, Notas descriptivas y Hechos notables del año 1818
506 _aConsulta en sala
650 7 _97673
_aGuerra de Independencia 1810-1819
_xCronología
651 0 4 _2Colombia
_xHistoria
_991715
690 _aHistoria de Colombia
_926508
942 _2LOCAL
_cLIBRO
_e1
_hE44N021
999 _c309564
_d309564